000 01792nam a2200373 c 4500
003 BLK
005 20250602114500.0
008 180411b bul|||||r ||||||| ||bul||
010 _aKNG00174516000
020 _a978-954-788-084-9
_bиздат.: Ел Уай
040 _aBLK
041 _aBUL
_cBUL
072 7 _2bullib
_aН20
_xРелигия. Теология Н
080 _aАнабаптисти. Менонити. Баптисти. Адвентисти. Евангелисти
_b286
_x
_z286
100 1 _aХегстад, Роланд Р.
_eпърви автор
_9136611
700 _aКръстев, Кремен Младенов
_d1936- 2020
_gАвтор на религиозна литература. Преводач от английски и френски ези
_9366310
700 1 _aНакова, Петя
_eпрев. от англ.
_9374555
139 _aХегстад, Роланд Р.
_bХ 37
245 1 0 _aНевероятната сила на благодатта
_cРоланд Р. Хегстад; прев. от англ. Кремен Младенов Кръстев; прев. от англ. Петя Накова.
257 _aUSA
260 София
_bЕл Уай
_c2013
_fСофия : ЛИК
300 _a127 с.
_c20 см
380 _a2
500 _aОриг. загл.: The incredible power of grace / Roland R. Hegstad ; Името на авт. погрешно отпеч.: Роналд Р. Хегстед
650 4 _aАдвентисти
_9146500
653 _aпроповеди
659 _aН
852 _aЦб 273958
856 4 _qpdf
_u
856 4 _qpdf
_u
942 _cKNG
_n0
944 _aCR
_c22.04.2015
_k30560
_lГеновева Генчева
944 _aED
_c04.09.2015
_kНаталия_Медовщикова
999 _c166769
_d166769